All HERO Yu-Gi-Oh Cards - Statistics

General Stats
  • This quiz has been taken 23 times
    22 since last reset
  • The average score is 104 of 310
Answer Stats
Card Type Answer % Correct
Normal Elemental HERO Avian
100%
Normal Elemental HERO Neos
100%
Normal Elemental HERO Burstinatrix
95%
Normal Elemental HERO Clayman
95%
Fusion Elemental HERO Flame Wingman
95%
Normal Elemental HERO Sparkman
95%
Effet Destiny HERO - Plasma
89%
Effet Elemental HERO Bubbleman
89%
Magie Miracle Fusion
89%
Effet Destiny HERO - Dogma
84%
Effet Destiny HERO - Malicious
84%
Effet Elemental HERO Ocean
79%
Fusion Elemental HERO Thunder Giant
79%
Fusion Masked HERO Dark Law
79%
Fusion Elemental HERO Electrum
74%
Effet Elemental HERO Shadow Mist
74%
Effet Elemental HERO Wildheart
74%
Fusion Masked HERO Blast
74%
Effet Vision HERO Vyon
74%
Effet Destiny HERO - Diamond Dude
68%
Fusion Elemental HERO Absolute Zero
68%
Effet Elemental HERO Blazeman
68%
Fusion Elemental HERO Divine Neos
68%
Fusion Elemental HERO Gaia
68%
Effet Elemental HERO Neo Bubbleman
68%
Fusion Elemental HERO Phoenix Enforcer
68%
Effet Elemental HERO Solid Soldier
68%
Effet Elemental HERO Stratos
68%
Fusion Elemental HERO Tempest
68%
Fusion Masked HERO Acid
68%
Fusion Vision HERO Trinity
68%
Effet Destiny HERO - Denier
63%
Fusion Destiny HERO - Destroyer Phoenix Enforcer
63%
Effet Elemental HERO Bladedge
63%
Effet Elemental HERO Captain Gold
63%
Fusion Elemental HERO Core
63%
Fusion Elemental HERO Glow Neos
63%
Effet Elemental HERO Heat
63%
Effet Elemental HERO Liquid Soldier
63%
Effet Elemental HERO Prisma
63%
Effet Elemental HERO Woodsman
63%
Magie Mask Change
63%
Effet Vision HERO Faris
63%
Magie Dark Fusion
58%
Fusion Destiny HERO - Dystopia
58%
Fusion Elemental HERO Darkbright
58%
Fusion Elemental HERO Dark Neos
58%
Effet Elemental HERO Ice Edge
58%
Effet Elemental HERO Necroshade
58%
Fusion Elemental HERO Sunrise
58%
Fusion Elemental HERO Wildedge
58%
Magie Mask Change II
58%
Magie Skyscraper
58%
Magie Skyscraper 2 - Hero City
58%
Effet Destiny HERO - Dasher
53%
Effet Destiny HERO - Double Dude
53%
Fusion Elemental HERO Chaos Neos
53%
Effet Elemental HERO Flash
53%
Effet Elemental HERO Honest Neos
53%
Effet Elemental HERO Knospe
53%
Effet Elemental HERO Lady Heat
53%
Fusion Elemental HERO Mudballman
53%
Fusion Elemental HERO Shining Phoenix Enforcer
53%
Fusion Elemental HERO Terra Firma
53%
Effet Evil HERO Malicious Edge
53%
Magie Fusion Destiny
53%
Effet Hero Kid
53%
Fusion Masked HERO Koga
53%
Effet Neo-Spacian Dark Panther
53%
Fusion Rainbow Neos
53%
Fusion Vision HERO Adoration
53%
Effet Vision HERO Increase
53%
Effet Destiny HERO - Disk Commander
47%
Effet Destiny HERO - Drilldark
47%
Piège D - Time
47%
Fusion Elemental HERO Aqua Neos
47%
Fusion Elemental HERO Brave Neos
47%
Fusion Elemental HERO Grand Neos
47%
Fusion Elemental HERO Inferno
47%
Fusion Elemental HERO Neos Knight
47%
Fusion Elemental HERO Nova Master
47%
Fusion Elemental HERO Shining Flare Wingman
47%
Fusion Elemental HERO Steam Healer
47%
Fusion Elemental HERO The Shining
47%
Effet Elemental HERO Voltic
47%
Fusion Evil HERO Dark Gaia
47%
Magie Neo Space
47%
Effet Neo-Spacian Flare Scarab
47%
Effet Neo-Spacian Glow Moss
47%
Effet Neos Wiseman
47%
Magie O - Oversoul
47%
Lien Xtra HERO Wonder Driver
47%
Magie A Hero Lives
42%
Effet Chrysalis Dolphin
42%
Effet Chrysalis Mole
42%
Magie Contact
42%
Fusion Destiny HERO - Dangerous
42%
Fusion Destiny HERO - Dominance
42%
Effet Destiny HERO - Doom Lord
42%
Effet Destiny HERO - Dreadmaster
42%
Effet Destiny HERO - Dunker
42%
Fusion Elemental HERO Air Neos
42%
Fusion Elemental HERO Cosmo Neos
42%
Fusion Elemental HERO Escuridao
42%
Fusion Elemental HERO Flare Neos
42%
Fusion Elemental HERO Magma Neos
42%
Fusion Elemental HERO Mariner
42%
Fusion Elemental HERO Nebula Neos
42%
Effet Elemental HERO Neos Alius
42%
Fusion Elemental HERO Neos Kluger
42%
Fusion Elemental HERO Plasma Vice
42%
Effet Elemental HERO Poison Rose
42%
Effet Evil HERO Adusted Gold
42%
Fusion Evil HERO Malicious Bane
42%
Fusion Evil HERO Malicious Fiend
42%
Fusion Evil HERO Neos Lord
42%
Effet Evil HERO Toxic Bubble
42%
Magie Fake Hero
42%
Piège Hero Signal
42%
Fusion Masked HERO Anki
42%
Magie Neos Fusion
42%
Effet Neo-Spacian Aqua Dolphin
42%
Effet Neo-Spacian Grand Mole
42%
Lien Xtra HERO Cross Crusader
42%
Lien Xtra HERO Dread Decimator
42%
Magie Clock Tower Prison
37%
Magie Dark City
37%
Magie Destiny Draw
37%
Fusion Destiny End Dragoon
37%
Effet Destiny HERO - Captain Tenacious
37%
Effet Destiny HERO - Celestial
37%
Effet Destiny HERO - Decider
37%
Effet Destiny HERO - Defender
37%
Effet Destiny HERO - Dread Servant
37%
Effet Destiny HERO - Dynatag
37%
Piège Destiny Signal
37%
Magie E - Emergency Call
37%
Fusion Elemental HERO Flame Wingman - Infernal Rage
37%
Fusion Elemental HERO Grandmerge
37%
Fusion Elemental HERO Necroid Shaman
37%
Fusion Elemental HERO Shining Neos Wingman
37%
Fusion Elemental HERO Storm Neos
37%
Effet Evil HERO Infernal Rider
37%
Fusion Masked HERO Dian
37%
Fusion Masked HERO Divine Wind
37%
Fusion Masked HERO Goka
37%
Fusion Masked HERO Vapor
37%
Magie NEX
37%
Magie R - Righteous Justice
37%
Lien Xtra HERO Infernal Devicer
37%
Magie Bubble Blaster
32%
Magie Cyclone Boomerang
32%
Fusion Destiny HERO - Dusktopia
32%
Fusion Elemental HERO Marine Neos
32%
Fusion Elemental HERO Wild Wingman
32%
Effet Evil HERO Infernal Prodigy
32%
Fusion Evil HERO Lightning Golem
32%
Magie Feather Shot
32%
Magie Form Change
32%
Magie H - Heated Heart
32%
Effet Neo-Spacian Air Hummingbird
32%
Magie Polymerization
32%
Magie Super Polymerization
32%
Effet Vision HERO Gravito
32%
Fusion Wake Up Your Elemental HERO
32%
Magie Dark Calling
26%
Effet Destiny HERO - Dark Angel
26%
Effet Destiny HERO - Departed
26%
Effet Destiny HERO - Drawhand
26%
Effet Destiny HERO - Fear Monger
26%
Piège D - Shield
26%
Fusion Elemental HERO Great Tornado
26%
Effet Elemental HERO Spirit of Neos
26%
Magie EN Shuffle
26%
Fusion Evil HERO Inferno Wing
26%
Magie Favorite Hero
26%
Piège Hero Barrier
26%
Piège NEXT
26%
Magie Spark Blaster
26%
Magie Vicious Claw
26%
Magie Vision Fusion
26%
Effet Vision HERO Witch Raider
26%
Fusion Armed Neos
21%
Magie Bubble Illusion
21%
Magie Bubble Shuffle
21%
Magie Burst Return
21%
Effet Chrysalis Pinny
21%
Piège Clay Charge
21%
Magie Contact Out
21%
Effet Cross Porter
21%
Magie Dark Contact
21%
Piège D - Chain
21%
Effet Destiny HERO - Dreamer
21%
Magie D - Force
21%
Piège D - Tactics
21%
Xyz E☆HERO Pit Boss
21%
Piège Elemental Recharge
21%
Fusion Evil HERO Dark Knight
21%
Effet Evil HERO Infernal Gainer
21%
Fusion Evil HERO Infernal Sniper
21%
Effet Evil HERO Sinister Necrom
21%
Fusion Evil HERO Wild Cyclone
21%
Piège Favorite Contact
21%
Magie Hero Flash!!
21%
Effet Neo Space Pathfinder
21%
Fusion Neo-Spacian Twinkle Moss
21%
Fusion UFOroid Fighter
21%
Effet Vision HERO Poisoner
21%
Magie Wrath of Neos
21%
Effet Wroughtweiler
21%
Effet Chrysalis Chicky
16%
Effet Chrysalis Larva
16%
Effet Chrysalis Pantail
16%
Fusion Contrast HERO Chaos
16%
Magie Convert Contact
16%
Effet Cross Keeper
16%
Magie Cyclone Blade
16%
Piège D - Counter
16%
Effet Destiny HERO - Blade Master
16%
Piège Destiny Mirage
16%
Magie Doctor D
16%
Piège Edge Hammer
16%
Magie Evil Assault
16%
Magie Fifth Hope
16%
Piège Hero Counterattack
16%
Magie Hero Mask
16%
Magie Instant Neo Space
16%
Piège Kid Guard
16%
Piège Miracle Kids
16%
Magie Neos Force
16%
Effet Neo Space Connector
16%
Fusion Neo-Spacian Marine Dolphin
16%
Magie Rose Bud
16%
Magie Skydive Scorcher
16%
Effet Vision HERO Multiply Guy
16%
Effet Winged Kuriboh LV6
16%
Compétence Believe in your Bro
11%
Piège Change of Hero - Reflector Ray
11%
Magie Cocoon Party
11%
Magie Common Soul
11%
Effet D Cubed
11%
Piège D-Fusion
11%
Magie Double Hero Attack
11%
Fusion Elemental HERO Rampart Blaster
11%
Magie EN - Engage Neo Space
11%
Piège Eternal Dread
11%
Effet Evil HERO Doom Prison
11%
Piège Feather Wind
11%
Magie Get Your Game On!
11%
Piège Hero Blast
11%
Magie Hero Heart
11%
Magie HERO's Bond
11%
Piège Hero Spirit
11%
Compétence HERO World
11%
Magie Instant Contact
11%
Magie Legacy of a HERO
11%
Magie Mask Charge
11%
Magie Miracle Contact
11%
Magie Mirage Tube
11%
Piège Mirror Gate
11%
Magie Parallel World Fusion
11%
Effet Phantom Magician
11%
Magie Reverse of Neos
11%
Magie Space Gift
11%
Magie Supreme King's Castle
11%
Effet Vision HERO Minimum Ray
11%
Compétence Wise Man Neos
11%
Magie Battle of Sleeping Spirits
5%
Piège Damage = Reptile
5%
Piège Dark Supremacy
5%
Magie Dimension Explosion
5%
Magie D - Spirit
5%
Magie EN Wave
5%
Magie Evil Mind
5%
Magie Fusion Tag
5%
Magie Future Fusion
5%
Magie Generation Next
5%
Compétence HEROES UNITE - FUSION!!
5%
Piège Hero Ring
5%
Piège Justi-Break
5%
Compétence Looking into the Future
5%
Magie Materialization
5%
Magie Over Destiny
5%
Magie Over Fusion
5%
Magie Overload Future Fusion
5%
Compétence Powerful Group of Guys
5%
Compétence Straight out of Neo Space!
5%
Piège Terra Firma Gravity
5%
Compétence The Right Hero for the Job
5%
Piège Vain Betrayer
5%
Magie Vision Release
5%
Piège Apparition
0%
Magie Assault Armor
0%
Piège Break the Destiny
0%
Magie Cocoon Rebirth
0%
Piège Cocoon Veil
0%
Magie Contact Gate
0%
Piège Cross-Dimensional Duel
0%
Compétence Dark Unity
0%
Magie D - Formation
0%
Piège D - Fortune
0%
Fusion Evil HERO Inferno Wing - Infernal Backlash
0%
Effet Evil HERO Vicious Claws
0%
Compétence Hero Goes Something!
0%
Piège Magistery Alchemist
0%
Magie Metamorphosis
0%
Piège Protection of the Elements
0%
Magie Pseudo Space
0%
Compétence Ruthless Means
0%
Compétence Shouldering a Destiny
0%
No matching quizzes found
Score Distribution
Percent of People with Each Score
Percentile by Number Answered
Your Score History
You have not taken this quiz since the last reset